| 000 | 01844cad a2200325 4500 | ||
|---|---|---|---|
| 001 | L129211 | ||
| 008 | 050401n2005 000 0 eng u | ||
| 020 | _a9781405172394 | ||
| 035 | _a(Sirsi) u129211 | ||
| 041 | _aeng | ||
| 050 |
_a624.08 _c18 |
||
| 100 | _aBunni, Nael G. | ||
| 245 | 4 |
_aThe FIDIC forms of contract _bthe fourth edition of the Red Book, 1992, the 1996 supplement, the 1999 Red Book, the 1999 Yellow Book, the 1999 Silver Book _h[electronic resource] |
|
| 250 | _a3rd ed. | ||
| 260 |
_aOxford _bBlackwell _c2005 |
||
| 300 | _aeBook | ||
| 350 | _a99.50 | ||
| 520 | _aGives guidance on the FIDIC suite of contracts which were launched in September 1999. Considers the new concepts adopted and how they interact with the previous forms. Includes a comparison of the wording of the 1999 three main forms and an analysis of the rights and obligations of the parties involved in the contract and the allocation of risks involved. | ||
| 520 | _aSupersedes second edition (ISBN 0632040793). | ||
| 590 | _aIKA210605 | ||
| 650 | _aFIDIC CONDITIONS OF CONTRACT FOR WORKS OF CIVIL ENGINEERING CONSTRUCTION FOURTH EDITION | ||
| 650 | _aFIDIC CONDITIONS OF CONTRACT FOR CONSTRUCTION FOR BUILDING AND ENGINEERING WORKS DESIGNED BY THE EMPLOYER (1999 EDITION) | ||
| 650 | 2 | 4 | _aEBOOK |
| 650 | _aFIDIC CONDITIONS OF CONTRACT FOR PLANT AND DESIGN-BUILD FOR ELECTRICAL AND MECHANICAL PLANT AND FOR BUILDING AND ENGINEERING WORKS DESIGNED BY THE CONTRACTOR 1999 EDITION | ||
| 650 | _aFIDIC CONDITIONS OF CONTRACT FOR EPC/TURNKEY PROJECTS 1999 EDITION | ||
| 650 | _aFIDIC SHORT FORM OF CONTRACT 1999 EDITION | ||
| 690 | _aBUILT ENVIRONMENT-BUILDING CONTRACT FORMS-STANDARD FORMS OF BUILDING CONTRACT | ||
| 856 |
_uhttps://www.vlebooks.com/ _zView on VLEbooks. Logins for members only from [email protected] |
||
| 942 | _n0 | ||
| 999 |
_c104127 _d104127 |
||